00627nam a2200181 a 450000100100000000500170001000800410002702000150006804000250008308200200010810000260012824500790015425000110023326000380024430000280028295201180031099900170042800003638620200930075713.0120116s1988 ag a 000 0 spa d a9500202492 aDO-SdBNPbspacBNPHU axxxbG196f 19881 aGandsas, Mario96258410aFundamentos de enfermeria quirurgica e instrumentación /cMario Gandsas. a4a ed. aBuenos Aires :bEl Ateneo,c1988. a560 p. :bil. ;c23 cm. 001050718MOaGRbGRcCTd2012-01-16iLF1l0oxxx G196f 1988p36387-10r2020-06-25w2020-06-25y1ZNo se presta c35877d35877